Score 0/11 Timer 01:00
0 Plays Today
Clue 4-Letter Word % Correct
A group of artists that play music togetherBAND
94.7%
A large storage structure common to farmsBARN
92.5%
A singer of epic or heroic storiesBARD
81.9%
Life moved here from its origins in the oceanLAND
81.3%
To scorch using [Rung 11]BURN
79.9%
You should stay in yours while drivingLANE
77%
Boring or unappealingLAME
73.6%
To make docile, to take controlTAME
69.8%
An essential part of automobile wheelsTIRE
69.4%
The partner of 'space' in our dimensionTIME
68.9%
Can be used to [Rung 1]FIRE
63.9%

Today's Daily Dose

Missing Word
3 Word TV Shows

Word Ladder
Olsen Twins

Quick Pick
TLC Shows

You're not logged in!

Compare scores with friends on all Sporcle quizzes.
OR
Log In

Sporcle TV

Today on Sporcle TV


Watch our educational content, quiz creation guides, and fun videos on Sporcle TV.

Show Comments

Extras

Top Quizzes Today


Score Distribution

Paid Content

Your Account Isn't Verified!

In order to create a playlist on Sporcle, you need to verify the email address you used during registration. Go to your Sporcle Settings to finish the process.

Report this User

Report this user for behavior that violates our Community Guidelines.

Details: